[Event "Werder Bremen IM-Turnier"]
[Site "?"]
[Date "2018.06.18"]
[Round "3.3"]
[White "Reuker, Jari"]
[Black "Osmanodja, Filiz"]
[Result "0-1"]
[WhiteElo "2389"]
[BlackElo "2352"]
[Annotator "Matthias Krallmann"]
[PlyCount "50"]
[EventDate "2018.??.??"]

1. d4 Nf6 2. c4 e6 3. Nc3 Bb4 4. Qc2 O-O 5. a3 Bxc3+ 6. Qxc3 h6 7. f3 d5 8.
cxd5 (8. e3 b6 9. Bd3 Ba6 10. Ne2 c5 11. dxc5 bxc5 12. O-O Qb6 $11 {1-0 (44)
Zaim,M (2117)-Suba,M (2341) Calimanesti 2014}) 8... exd5 9. Bf4 c6 10. e3 Nh5
11. Be5 (11. Ne2 Nxf4 12. Nxf4 Re8 13. Kf2 $14) 11... Nd7 {[#]} 12. g4 $2 {
Mutig, aber sehr riskant gespielt.} (12. O-O-O $13) 12... Nxe5 13. dxe5 Qh4+
14. Ke2 Ng3+ 15. hxg3 Qxh1 16. Kf2 Bxg4 (16... f5 {wäre besser gewesen} 17.
Bg2 Qh2 18. Ne2 fxg4 19. Nf4 Rxf4 20. exf4 Qh5 21. Rh1 Qg6 $15) 17. Bg2 (17.
fxg4 f6 18. exf6 Qe4) 17... Qh5 18. fxg4 Qxg4 19. Nf3 (19. Bh3 Qe4 20. Nf3 Rae8
21. Qc5 $13) 19... f6 20. Rh1 $2 (20. e6 Qxe6 $17) 20... fxe5 21. Qxe5 $2 {[#]}
(21. Rh4 Qg6 22. e4 Rae8 $17) 21... Rxf3+ $19 22. Bxf3 Rf8 23. Ke1 Rxf3 24. Rg1
Qc4 25. Qb8+ Rf8 {Ein leichter Sieg für Filiz.} 0-1

[Event "Werder Bremen IM-Turnier"]
[Site "?"]
[Date "2018.06.18"]
[Round "3.4"]
[White "Grabarczyk, Miroslav"]
[Black "Charmeteau, Sven"]
[Result "0-1"]
[WhiteElo "2402"]
[BlackElo "2287"]
[Annotator "Sven Charmeteau (SC), Krallmann (MK)"]
[PlyCount "164"]
[EventDate "2018.??.??"]

1. d4 Nf6 2. c4 g6 3. Nf3 Bg7 4. g3 c6 5. Bg2 d5 6. Qb3 O-O 7. O-O Qb6 8. Nc3
Rd8 9. Rd1 Bf5 10. Ne1 (10. Qxb6 $6 {Das Endspiel ist angenehmer für Schwarz.}
axb6 11. cxd5 Nxd5 12. Nxd5 Rxd5 {0-1 (46) Grabarczyk,M (2441)-Engel,L (2367)
Hamburg 2016}) 10... dxc4 11. Qxc4 Na6 12. e4 Be6 13. d5 (13. Qa4 Bg4) 13...
cxd5 14. exd5 Bg4 {[#] Bisher war ich noch in meiner Vorbereitung und
erwartete 15. Sf3 mit einer dynamisch ausgewogenen Stellung. (SC)} 15. Bf3 $2 {
Nach dem Abtausch der weißfeldrigen Läufer werden nicht nur die Felder um
den weißen König schwach. Viel schwerer wiegt hier, dass der isolierte Bauer
d5 seinen wichtigsten Unterstützer verliert. (MK)} (15. Be3 Qxb2 16. Nd3 Qa3
17. Nb5 Qa5 18. Bd2 Qb6 19. Be3 Qa5 20. Bd2 Qb6 21. Be3 Qa5 {1/2-1/2 (21)
Jakovenko,D (2738) -Grischuk,A (2780) Khanty-Mansiysk 2015}) (15. Nf3 e6 16.
Bg5 exd5 17. Qf4 Qb4 $15 {0-1 (54) Gabuzyan,H (2569)-Swiercz,D (2637) Martuni
2017}) 15... Rac8 16. Qe2 Bxf3 17. Nxf3 Nb4 18. Be3 (18. Qxe7 $4 Re8 $19) 18...
Qa5 {Der Bauer d5 geht verloren, Schwarz steht klar besser. (MK)} 19. d6 Rxd6 (
19... exd6 {ist auch gut, aber ich wollte vermeiden, in eine Fesselung mit Lg5
zu laufen.(SC)}) 20. Rxd6 exd6 21. Qb5 {[#] Mit diesem Zug hatte ich nicht
gerechnet, aber da meine Figuren gut stehen, wird ein Angriff gegen meine
schwachen Bauern nicht ohne Gegenspiel kompensiert. (SC)} (21. Rd1 Nxa2 22.
Nxa2 Qxa2 23. Rxd6 Qb1+ 24. Kg2 a6 {mit Vorteil für Schwarz}) 21... Qxb5 22.
Nxb5 Ne4 23. Bxa7 Bxb2 24. Rb1 Rc1+ (24... Rc2 {ist nicht so stark wie der Zug
aus dem Text und führt zu ungünstigen Vereinfachungen. (SC)} 25. Ne1 Re2 26.
Bd4 Bxd4 27. Nxd4 Nc3) 25. Rxc1 Bxc1 26. a4 Nc6 {Zu diesem Zeitpunkt stehe ich
zwar besser, aber noch nicht auf Gewinn.(SC)} (26... Kf8 $2 27. Nxd6 $1 Nxd6
28. Bc5) 27. Bb6 Kf8 28. Kf1 Ke7 29. Ke2 Bb2 30. Kd3 f5 (30... d5 {ist
ebenfalls ein guter Zug, aber aus praktischer Sicht fand ich sinnvolller,
d6-d5 zu verzögern. (SC)}) 31. Kc4 Bf6 32. Be3 Kd7 33. h4 Na5+ 34. Kb4 Nc6+
35. Kc4 Ne7 36. Kd3 Nd5 37. Ba7 Ndc3 38. Nxc3 Nxc3 39. a5 Ne4 40. Kc4 Kc6 41.
Nd4+ Bxd4 42. Bxd4 Nd2+ 43. Kb4 (43. Kd3 $2 Nb3 44. Bb6 Kb5 $19) (43. Kc3 $2
Nf3 44. Ba7 Kd5 $19) 43... Nf3 44. Ba7 f4 $1 {erzeugt neue Schwächen in der
weißen Stellung. (SC)} 45. Bb6 h5 46. Kc4 {[#]} Ng1 (46... d5+ {wäre
einfacher gewesen: In allen drei Varianten hat Schwarz überzeugende
Gewinnführungen (MK)} 47. Kc3 (47. Kd3 Ne5+ 48. Kd4 Nc4 49. Bd8 fxg3 50. fxg3
Kd6 {und Weiß ist im Zugzwang}) (47. Kb4 fxg3 48. fxg3 Kd6 49. Kc3 Ke5 50. Kd3
d4 {Nachdem Schwarz zu d4 gekommen ist, ist die Gewinnführung nicht mehr
schwierig}) 47... g5 48. hxg5 fxg3 49. fxg3 Nxg5 50. Kd4 Ne4 {Schwarz gewinnt
einen zweiten Bauern}) 47. Kd3 (47. Ba7 Nf3 (47... Ne2 $2 48. Kd3 fxg3 $4 49.
Kxe2 g2 50. f3 $18) 48. Bb6 d5+) (47. Kd4 $2 fxg3 48. fxg3 Ne2+ $19) 47... Kd5
{Mit dem zentralisierten König hatte ich das Gefühl, dass ich klar auf
Gewinn stehen sollte. (SC)} 48. gxf4 Nf3 49. Bd8 Nd4 50. Bb6 Nf5 51. Bd8 Ng7
52. Bf6 Ne6 53. Ke3 Kc4 54. Ke4 d5+ (54... Nc5+ 55. Ke3 d5 {wäre die sichere
Variante gewesen, aber in der Zeitnot konnte ich die 56.f5 Idee schlecht
einschätzen. (SC)} 56. f5 gxf5 57. Kf4 d4 $19) 55. Ke5 d4 56. f5 d3 57. Bg5 $2
(57. fxe6 $2 d2 58. e7 d1=Q 59. e8=Q Qe2+ $19) (57. fxg6 $1 d2 58. Kxe6 d1=Q
59. g7 Qd5+ 60. Ke7 Qg8 61. f4 {war mir ziemlich unklar.} Kd5 62. Be5 Ke4 63.
Kf6 Qe8 $11 {Nach tiefer Berechnung findet die Engine keinen Gewinnplan für
Schwarz! (SC)}) 57... Nxg5 58. fxg6 Ne6 $1 59. Kxe6 d2 60. g7 d1=Q 61. Kf7 Qd5+
62. Kf8 Qf5+ 63. Kg8 Qxa5 64. Kh8 Qc3 (64... Qd8+ {wäre deutlich einfacher
gewesen.} 65. g8=Q+ Qxg8+ 66. Kxg8 b5 {In der Partie habe ich ein Tempo
verschenkt. (SC)} 67. f4 Kd5 $19) 65. Kh7 Qd3+ 66. Kh8 Qd4 67. Kh7 Qe4+ 68. Kh8
Qd4 69. Kh7 Qd3+ 70. Kh8 Qd4 {[#] In dieser Stellung hätte Weiß remis durch
dreimalige Stellungswiederholung reklamieren können, indem er angekündigt
hätte 71.Kh7 ziehen zu wollen. Doch er zog 71. Kh7 und die Chance war vertan.
(MK)} 71. Kh7 Qxg7+ 72. Kxg7 Kd5 73. f4 Ke4 74. Kg6 Kxf4 75. Kxh5 b5 76. Kg6 b4
77. h5 b3 78. h6 b2 79. h7 b1=Q+ 80. Kg7 Qb7+ 81. Kg8 Kf5 82. h8=Q Kg6 {
Die Schlussstellung steht in den Endspielbüchern. Ein starke Leistung von
Sven Charmeteau! (MK)} 0-1

[Event "Werder Bremen IM-Turnier"]
[Site "SV Werder Bremen, Clubräume "]
[Date "2018.06.19"]
[Round "4.1"]
[White "Grigorian, Spartak"]
[Black "Ahlander, Björn"]
[Result "1-0"]
[WhiteElo "2359"]
[BlackElo "2435"]
[Annotator "Spartak Grigorian"]
[PlyCount "107"]
[EventDate "2018.??.??"]
[WhiteClock "0:10:09"]
[BlackClock "0:23:07"]

1. Nf3 d5 2. c4 e6 3. g3 Nf6 4. Bg2 Be7 5. O-O O-O 6. b3 c5 7. Bb2 Nc6 8. e3 b6
9. Nc3 Ba6 10. Qe2 Qd7 11. d4 (11. d3 $5) 11... cxd4 12. exd4 Rac8 {[#]} 13.
Ne5 Qc7 14. Nb5 Bxb5 15. cxb5 Nxe5 16. dxe5 {[#]} Nd7 (16... Ne4 $1 {Schwarz
opfert für genügend Aktivität einen Bauern.} 17. Bxe4 dxe4 18. Qxe4 Qc2 19.
Qxc2 Rxc2 20. Bd4 Ba3 21. Rfd1 Rfc8 {Der Mehrbauer auf b5 wird ausreichend
kompensiert.} 22. Kg2 Kf8 23. h4 Ke7 {1/2-1/2 (35) Ertl,L (2268)-Evans,G (2296)
ICCF email 2006}) 17. Rac1 Qb7 18. a3 $1 {Weiß hat den Plan a3-b4 zu spielen,
um die schwarzen Leichtfiguren einzuschränken.} Rxc1 19. Rxc1 Rc8 20. Rxc8+ {
Weiß würde gerne ein Turmpaar behalten, allerdings ist die c-Linie mit zu
viel Gegenspiel verbunden.} ({In seinem Buch "The Modern Reti" (2012)
empfiehlt Delchev, das Gegenspiel in der c-Linie zu ignorieren: (Red.)} 20. Qe3
Rc7 21. b4 Qc8 22. Re1 Rc2 23. Bd4 {"White can easily control the invasion
squares along the c-file with his bishop pair. Black will have to passively
wait for White's attack with f4-f5". Aber ob es wirklich so "easy" ist? (Red.)}
) 20... Qxc8 21. b4 $14 {[#] Hier beginnt nun das sehr interessante Endspiel,
in welchem man sicherlich aus mehreren Aspekten Weiß bevorzugen kann.
Angefangen von der Einschränkung der schwarzen Leichtfiguren, Raumvorteil (b5
und e5) und - sobald sich die Stellung öffnet - das Läuferpaar.} Bg5 (21...
g5 $5 {alle anderen Züge ändern nichts am Stellungstyp. Diese radikale
Vorgehensweise ist eventuell gefordert. Ansonsten wird Weiß, wie in der
Partie, am Königsflügel mit Leichtigkeit vormarschieren. Natürlich
schwächt g5 seinen eigenen König, jedoch hat man mit Sf8 schnell ein starken
Verteidiger neben sich.} 22. f4 (22. Bf3 Bf8) 22... gxf4 23. gxf4 Qf8 $132 {
Die Dame geht nach g7 und der Springer nach g6.}) 22. f4 Be7 {Wie sich im
Nachhinein gezeigt hat, ist für den Schwarzen Sf8 nebst f5 oder f6 zu
empfehlen. Diesen Plan zu verhindern ist mir noch nicht optimal gelungen.
Daher bin ich noch auf der Suche nach einem prophylaktischen Plan.} 23. Bh3 (
23. Bf3 {Laut der Engine die beste Variante. Er bewertet die folgende Variante
mit +/-. Die Stellung die sich ergibt ist meiner Meinung nach jedoch Todremis.}
Nf8 24. Qd3 f5 25. h4 {verhindert schwarzes g5, nebst druck auf meine Bauern
am Kf} Kf7 26. Kf2 Kg8 27. Bd1 Kf7 28. Ke3 Kg8 29. Qc3 Qxc3+ 30. Bxc3 Kf7 31.
Kd4 Kg8 32. Bd2 Kf7 33. Be3 Nd7 34. Kc3) (23. h4 Nf8 24. h5 $5 (24. Bh3 f5 25.
exf6 (25. Qd3 {sehr ähnlich wie 23. Dd3}) 25... Bxf6 26. Kf2 (26. Bxf6 gxf6
27. f5 e5 28. Qa2 Qd7 29. Bg2 Qxf5 30. Qxd5+ Kg7 31. a4 Qd7 $11) 26... Kf7 $11)
24... f5 25. exf6 Bxf6 26. Bxf6 gxf6 27. f5 Kf7 28. Qd2 Qc4 $1 {deckt d5 und
aktiviert die Dame} 29. fxe6+ Kxe6 30. Qh6 Kf7 31. a4 d4 $11 {Könnte aber nun
auch gefährlich für Weiß werden.}) (23. g4 Nf8 $15) (23. f5 Bg5 24. Qd3 Bc1
$11) 23... Nf8 24. Qd3 {stellt eventuell mal die Drohung Dxd5 auf.} Qc7 (24...
f5 $1 25. exf6 (25. Bg2 g5 $1 26. Bf3 gxf4 27. gxf4 Ng6 $15) 25... Bxf6 26.
Bxf6 gxf6 27. f5 (27. Qxd5 $4 Qc1+ 28. Kf2 exd5 $19) 27... Qc1+ 28. Kf2 Qb2+
29. Kg1 Qc1+ $11) 25. Bg4 g6 $6 {verabschiedet sich von f5 oder f6 als Plan.} (
25... f5 $1) 26. h4 {[#] Weiß wird nun erstmal versuchen seine Figuren
maximal zu verbessern, um dann weiter fortschritte am Königsflügel zu machen.
} Nd7 27. Kg2 Bf8 28. Bd1 Bg7 {Mit der aktuellen Aufstellung macht es mein
Gegner mir nicht leicht meinen f-Bauer zu ziehen, da e5 zu stark angegriffen
ist} 29. Qe2 Kf8 30. Bc2 $6 {gibt dem Schwarzen die Chance f6 zu spielen.
Generell hatte ich keine Angst vor der Öffnung der Stellung, da mein
Läuferpaar in der Regel noch mehr an Bedeutung zugewinnen würde. Allerdings
habe ich hier meinen König schon etwas mit f4-g3-h4 geschwächt.} Ke7 (30...
f6 $1 31. h5 fxe5 32. hxg6 e4 $1 (32... hxg6 33. Bxg6 e4 34. Bxg7+ Kxg7 35. Qh5
Nf6 36. Qg5 Nh7 37. Qg4 Nf6 38. Qg5 $11) 33. Bxe4 $1 dxe4 34. gxh7 Nf6 35. Bxf6
Bxf6 36. Qxe4 Kg7 37. Qxe6 $13 {Sollte aber Remis sein.}) 31. h5 Kf8 32. Bd3
Kg8 33. Qg4 {[#] Nun wo die Läufer die Einbruchsfelder auf der c-Linie
kontrollieren, darf meine Dame sich dem Königsflügel nähern.} Qd8 {
verhindert Dh4 nebst unangenehmen Drohungen wie De7 oder h6. In Zeitnot noch
unangenehmer, wie sich zeigt sind beide Drohungen aber parierbar.} (33... Kf8
34. Qh4 Kg8 35. Qe7 Qc8 {und die Dame wird mit Lf8 wieder verabschiedet.} 36.
Kf3 Bf8 37. Qh4 $16 Bg7 38. h6 Bf8 39. g4 Qc7 40. Qh2 Be7 41. Qe2 (41. f5 $2
Bf6 $1 $17) 41... Bf8 42. g5 (42. f5 Bxh6 $17) 42... Qc8 {Laut Engine +1,4
aber die Stellung ist zu geschlossen und daher Remis.}) 34. Qh3 Nb8 {Der
Springer auf b8 steht sehr unglücklich und macht kein Druck auf e5.} 35. Qh1 {
Droht nun die c-Linie zu erobern, was eventuell wieder optisch stärker
aussieht, als es in Wirklichkeit ist.} Qc7 36. Qh4 {Nach einigem Manövrieren
mit meiner Dame habe ich das h4-Feld bekommen.} Qd7 (36... Nd7 $1 37. Qe7 Qc8 {
wie schon vor paar Zügen gezeigt.}) 37. Kf2 Bf8 38. g4 Be7 39. Qh3 Bd8 40. f5
{Weiß hat sein Traum verwirklicht. Was auffällt ist, dass die schwarzen
Figuren, die noch vor 10 Zügen ordentlich Druck auf e5 gemacht haben, nun
alle nicht mehr in Kontakt zu e5 sind.} Qe7 {[#]} (40... Bg5 $3 {einziger Zug.}
41. hxg6 hxg6 42. fxg6 fxg6 43. Bxg6 d4 $1 44. Qh5 Be3+ 45. Ke2 Qxb5+ 46. Bd3
Qc6 47. Bxd4 $1 (47. Qh7+ Kf8 48. Bg6 Qg2+ 49. Kd3 Qf1+ 50. Kc2 Qc4+ 51. Kb1
Qf1+ 52. Ka2 Qc4+ 53. Ka1 Qf1+ 54. Bb1 d3 (54... Nc6 $2 55. g5 $18) 55. Qxd3
Qxd3 56. Bxd3 $16) 47... Bxd4 48. Qg5+ Kf8 49. Qd8+ Kg7 50. Qxd4 $16) 41. hxg6
$2 (41. f6 $1 Qc7 42. Qh4 (42. g5 $3 {Dieser sehr wichtige und wie sich
später feststellte einzige Gewinnzug fehlte in meiner Berechnung. Es
verhindert Sd7-f8 mit der rechtzeitigen Deckung von e6.} Qc8 (42... Nd7 43.
hxg6 fxg6 (43... hxg6 44. Qh6 $18) 44. Qxe6+ $18) 43. hxg6 fxg6 44. Qh6 Qc7 45.
Be2 Qf7 46. Bg4 Nd7 47. Bxe6 Qxe6 48. Qg7#) 42... Nd7 43. hxg6 fxg6 44. Qh6 Nf8
{Diese Stellung hatte ich in meiner Berechnung, jedoch sah ich hier kein
Durchkommen. Mir war natürlich bewusst, dass Weiß hier viel besser steht.}
45. g5 $1 Qf7 46. Be2 Qc7 47. Ke1 Qf7 48. Kd2 Qc7 {Der Computer gibt hier +3,
23 (Stockfish 9) allerdings ist es tatsächlich eine Festung.}) 41... fxg6 42.
fxg6 (42. f6 $1 Qf7 43. g5 Nd7 44. Be2 Nf8 45. Qc3 (45. Bg4 Qd7 46. Qc3) 45...
Qc7 46. Qc6 $5 Kf7 47. Bd4 Kg8 48. Ke3 Kf7 49. Bg4 Qd7 {Wahrscheinlich wieder
kein Durchkommen, in einer Stellung wo dir Engine + zeigt.}) 42... Qh4+ 43.
Qxh4 Bxh4+ 44. Kf3 h6 $4 {[#]} (44... hxg6 45. Bxg6 Kf8 46. Bc3 Bg5 {Mein
Gegner und ich analysierten diese Stellung noch lange nach der Partie und
kamen zum Ergebnis, dass es Remis ist. Die Engine gibt uns da Recht.}) 45. Bf5
$1 $18 exf5 (45... Kg7 46. Bxe6 Kxg6 47. Bf5+ Kf7 48. e6+ Ke7 49. Be5 $18) 46.
gxf5 {Die Bauern sind in der Kombination mit dem Läufer auf b2 zu stark.} Nd7
47. Kg4 Bg5 48. f6 Nf8 49. Kf5 {Der König ist auch mit dabei.} Be3 50. e6 Nxe6
51. Kxe6 d4 52. Ke7 Bg5 53. Bxd4 h5 54. Ke6 1-0

[Event "Werder Bremen IM-Turnier"]
[Site "SV Werder Bremen, Clubräume "]
[Date "2018.06.20"]
[Round "5.1"]
[White "Wachinger, Nikolas"]
[Black "Grigorian, Spartak"]
[Result "1/2-1/2"]
[WhiteElo "2292"]
[BlackElo "2359"]
[PlyCount "70"]
[EventDate "2018.??.??"]
[WhiteClock "0:02:11"]
[BlackClock "0:10:07"]

1. e4 e6 2. d4 d5 3. Nd2 dxe4 4. Nxe4 Nd7 5. Nf3 Ngf6 6. Bd3 c5 7. Bg5 cxd4 8.
O-O Qb6 9. Bxf6 Nxf6 10. Nxf6+ gxf6 11. Nxd4 Bd7 12. c3 Bc5 13. Nb3 Bc6 14. Qh5
Rg8 15. g3 Rg5 16. Qxh7 Ke7 17. Be2 Rag8 18. Nxc5 Qxc5 19. Qd3 Rd8 20. Qc4 Rd2
21. b4 {[#]} Qf5 ({Hier verpasst Spartak die Gelegenheit mit} 21... Qb6 $17 {
in Vorteil zu kommen.} 22. Rad1 (22. b5 Rxb5 23. Rad1 Rbb2 24. Rxd2 Rxd2 $17) (
22. a4 {hilft auch nicht wegen} Bd5 23. Qb5 Qc7 $1 $19) 22... Bb5 23. Qxb5 Rxd1
$1 24. Qxb6 Rxf1+ 25. Kxf1 axb6 $17) 22. b5 Qxb5 23. Qxb5 Bxb5 24. Bxb5 Rxb5
25. Rfd1 Rxd1+ 26. Rxd1 Rb2 27. a4 Rb3 28. c4 Rb4 29. c5 a5 30. Kf1 f5 31. Ke2
e5 32. Rd5 f6 33. c6 Rxa4 34. cxb7 Rb4 35. Rxa5 Rxb7 1/2-1/2

[Event "Werder Bremen IM-Turnier"]
[Site "SV Werder Bremen, Clubräume "]
[Date "2018.06.20"]
[Round "5.2"]
[White "Reuker, Jari"]
[Black "Kardoeus, David"]
[Result "1/2-1/2"]
[WhiteElo "2389"]
[BlackElo "2226"]
[PlyCount "112"]
[EventDate "2018.??.??"]
[WhiteClock "0:04:43"]
[BlackClock "0:11:24"]

1. d4 Nf6 2. c4 g6 3. Nc3 Bg7 4. e4 d6 5. h3 O-O 6. Be3 e5 7. d5 Nh5 8. Be2 Nf4
9. Bf3 g5 10. g3 Ng6 11. Qd2 h6 12. h4 g4 13. Be2 h5 14. f3 f5 15. exf5 Bxf5
16. fxg4 hxg4 17. h5 Ne7 18. h6 Bf6 19. h7+ Kh8 20. Bd3 c6 21. O-O-O cxd5 22.
cxd5 Qa5 23. Rf1 Bxd3 24. Qxd3 Na6 25. a3 Rac8 26. Kb1 Nc7 27. Bh6 Bg7 28.
Bxg7+ Kxg7 29. Rxf8 (29. Nf3 $3 $16) 29... Rxf8 30. Qc4 Kh8 31. Nge2 Ncxd5 32.
Qxg4 Qa6 33. Qe6 Qd3+ 34. Ka1 Nxc3 35. Nxc3 Qf3 36. Rh6 Nc8 37. Rg6 Qf1+ {[#]}
38. Ka2 (38. Nb1 $18 {gewinnt, denn nach dem erzwungenen} Qf7 39. Rg8+ Kxh7 40.
Qxf7+ Rxf7 41. Rxc8 {behält Weiß eine Mehrfigur.}) 38... Ne7 $1 {Dieses
hübsche Figurenopfer macht den Unterschied! Jetzt ist g8 gedeckt und nach} 39.
Qxe7 {gibt's viele Schachs, die bei 38.Sb1 nicht möglich gewesen wären.} (39.
Rh6 $142 $14 {Stockfish}) 39... Qc4+ 40. Ka1 Rf1+ 41. Nb1 Rxb1+ $11 42. Kxb1
Qd3+ 43. Kc1 Qxg6 44. Qxb7 Qg5+ 45. Kc2 Qg6+ 46. Kd2 Qxg3 47. Qxa7 Qg2+ 48. Kc3
Qc6+ 49. Kd3 Qf3+ 50. Qe3 Qf7 51. Ke4 Qb7+ 52. Kf5 Qf7+ 53. Kg4 Qe6+ 54. Kh4
Kxh7 55. Qe4+ Kg7 56. Qg4+ Qxg4+ 1/2-1/2

[Event "Werder Bremen IM-Turnier"]
[Site "SV Werder Bremen, Clubräume "]
[Date "2018.06.20"]
[Round "5.4"]
[White "Skliarov, Viktor"]
[Black "Osmanodja, Filiz"]
[Result "1/2-1/2"]
[WhiteElo "2359"]
[BlackElo "2352"]
[PlyCount "83"]
[EventDate "2018.??.??"]
[WhiteClock "0:23:07"]
[BlackClock "0:28:19"]

1. e4 c5 2. Nf3 d6 3. d4 cxd4 4. Qxd4 Nc6 5. Bb5 Bd7 6. Bxc6 Bxc6 7. Nc3 Nf6 8.
Bg5 e6 9. O-O-O Be7 10. Rhe1 O-O 11. Kb1 h6 12. Bh4 Qc7 13. Qd3 a6 14. Nd4 Rfd8
15. f3 b5 16. g4 b4 17. Nce2 Be8 18. g5 Nh7 19. f4 Rdc8 20. Rg1 hxg5 21. fxg5
g6 22. Qd2 e5 23. Nf3 Bd7 24. Ng3 Be6 25. Nf5 gxf5 26. g6 Nf8 27. Bxe7 Qxe7 28.
g7 Nh7 29. Qh6 Qf6 30. Qh5 Re8 31. Ng5 Qg6 32. Qh4 f4 33. Rde1 f5 34. Nh3 Qf6
35. Ng5 Qg6 36. Nh3 Qf6 37. Ng5 Nxg5 $1 38. Rxg5 Kf7 39. Qh5+ Ke7 40. exf5 Bf7
41. Qg4 Kd7 42. h4 {[#]} (42. h4 a5 {Nach einer aufregenden Zeitnotschlacht
einigten sich die Kontrahenten hier auf Remis. Pech für Filiz, denn
tatsächlich steht sie auf Gewinn: Die drei verbundenen Freibauern des Weißen
sind blockiert und es dauert ewig bis der h-Bauer in Bewegung gesetzt werden
kann. Ein Angriff auf den schwarzen König ist nicht in Sicht, dagegen droht
Schwarz mit a5-a4-a3 und evtl. e5-e4 starken Königsangriff zu bekommen.} 43.
Rd1 Kc7 44. Rc1 Rg8 45. c3 Kd7 $19) 1/2-1/2

[Event "Werder Bremen IM-Turnie"]
[Site "SV Werder Bremen, Clubräume "]
[Date "2018.06.21"]
[Round "6.1"]
[White "Grigorian, Spartak"]
[Black "Charmeteau, Sven"]
[Result "0-1"]
[WhiteElo "2359"]
[BlackElo "2287"]
[PlyCount "84"]
[EventDate "2018.??.??"]
[WhiteClock "0:36:25"]
[BlackClock "0:30:25"]

1. d4 Nf6 2. c4 g6 3. Nc3 Bg7 4. e4 d6 5. Nf3 O-O 6. Be2 e5 7. O-O Nc6 8. d5
Ne7 9. Ne1 Nd7 {[#] Überraschung! Svens Premiere im Königsinder, und dann
gleich in einer prinzipiellen Hauptvariante. Spartak war vielleicht
überrascht, aber er kennt sich gut aus ....} 10. Be3 a5 11. Nd3 f5 12. f3 f4
13. Bf2 b6 14. a3 g5 15. b4 h5 16. c5 Kh8 17. cxd6 cxd6 18. Nb5 Nf6 19. Nb2 Ne8
20. Nc4 Rb8 21. Rb1 a4 22. Na7 b5 23. Na5 Bd7 24. Rc1 {[#] Weiß hat schon
große Fortschritte am Damenflügel gemacht und kann bald die Ernte einfahren.}
g4 {Erste Lebenszeichen vom Königsinder, wenn auch auf Kosten einer Qualität}
25. fxg4 Nf6 26. N5c6 Qe8 27. Nxb8 Qxb8 28. Nc6 Qe8 29. Nxe7 Qxe7 30. g5 Nxe4 {
[#]} 31. Bd3 $2 {In Zeitnot (?) übersieht (?) Spartak den Zwischenzug} ({Mit} 
31. Bh4 $18 {konnte die schwarze Initiative am Königsflügel erstickt werden.}
) 31... Bg4 32. Qe1 Nxf2 33. Rxf2 Qxg5 34. Rc7 (34. Be4 f3 35. Rc3) 34... f3
35. Qe4 Bf5 36. Qxf3 e4 $11 {[#] Auf einmal hat Schwarz jede Menge
Angriffsideen. Spartak ist in der Defensive und greift daneben} 37. Rxg7 $4 (
37. Bxe4 $8 Bd4 38. Kh1 Bxf2 39. Qxf2 Qd8 40. Qd4+ Qf6 41. Qxf6+ Rxf6 42. Bf3
Be4 43. Rc3 Rf5 {mit Ausgleich}) 37... Qc1+ $1 $19 38. Rf1 exf3 39. Rxc1 Bxd3
40. gxf3 Kxg7 41. Rc6 Rf6 42. Kf2 Be4 0-1